000 nam a22 a 4500
999 _c57437
_d57437
003 BLK
005 20220328163734.0
008 180408b bul|||||r ||||||| ||bul||
010 _aKNG00061440000
040 _aBLK
041 _aBUL
_cBUL
080 _aПрофесионални болести. Общи въпроси
_b613.62
_z613.62
080 _aПатология. Клинична медицина
_b616
_x-057
_z616-057
139 _aПрофесионална патология
_bП 92
245 1 0 _aПрофесионална патология
_bМоногр.
_cЦветана Алексиева; ред. Цветана Алексиева; ред. Красномир Тодоров Киряков.
257 _aBGR
260 _bМедицина и физкултура
_c1982
300 _a263 с.
_bс ил., табл.
_c25 см
380 _a61
504 _aБиблиогр. с. 255-260
650 4 _aПрофесионални болести
_9271600
650 4 _aТруд - хигиена
_9262693
653 _aпрофесионални заболявания
653 _aтруд
653 _aхигиена на труда
700 1 _aАлексиева, Цветана Владиславова
_eред.
_930737
700 1 _aКиряков, Красномир Тодоров
_eред.
_9287619
852 _aЦб 114255
_bЦб
942 _cKNG
_n0
_s1
944 _aCR
_c13.06.2004
_kНаталия_Медовщикова
944 _aED
_c2022-03-28
_kКети
999 _d57437